00413cam a2200157ua 45000010005000000080039000050400009000440820010000531000022000632450051000852500009001362600043001453000023001886530013002116530031002242492111222n ii |||gr||||Z||||||asm cMAIN a398.2 aBarkataki, S. N.,1 aTribal folk tales of assamcby S. N. Barkataki a1st. aGuahati:bPublication board assam,982. axiii; 244p:c23cm. aFolklore aTribal folk tales of assam